En los dominios del cóndor: fiestas y música tradicional del valle del Colca

Uloženo v:
Podrobná bibliografie
Hlavní autor: Ráez Retamozo, Manuel (Autor)
Médium: Kniha
Jazyk:španělština
Vydáno: Lima Pontificia Universidad Católica del Perú 2002
Vydání:1a. ed
Edice:Avances de Investigación
Témata:
Tagy: Přidat tag
Žádné tagy, Buďte první, kdo vytvoří štítek k tomuto záznamu!

MARC

LEADER 00000nam a2200000 a 4500
001 UCL0939
003 CL-VaPUC
008 030825e20020000PE |||||||||||||||||spa|d
020 |a 9972832090 
082 0 4 |a 394.26985  |b RAE  |2 21 
100 0 |a Ráez Retamozo, Manuel  |e author  |9 477710 
245 1 0 |a En los dominios del cóndor: fiestas y música tradicional del valle del Colca 
250 |a 1a. ed 
300 |a 109 p 
942 |c BK 
945 |d 20030825 00:00:00  |a cmena 
260 |a Lima  |b Pontificia Universidad Católica del Perú  |c 2002 
500 |a Complementario con Cd 
650 7 |a RELIGIOSIDAD POPULAR  |2 CL-VaPUC  |9 477711 
650 0 |a Fiestas religiosas  |9 349319 
650 7 |a RITUAL  |2 CL-VaPUC  |9 314416 
650 0 |a Ceremonias  |9 337653 
650 0 |a Cofradías  |9 394710 
650 0 |a Música folklórica  |9 306412 
650 7 |a DANZAS TRADICIONALES  |2 CL-VaPUC  |9 477712 
651 0 |a Perú  |9 256567 
583 |a last modification  |c 20180123 06:36:17  |k Rodrigo Vera 
490 0 |a Avances de Investigación 
999 |c 304663  |d 304661 
952 |0 0  |1 0  |4 0  |6 394_269850000000000_RAE_2002  |7 0  |8 X  |9 367303  |a FDOMLP  |b FDOMLP  |d 2019-11-21  |i 393330K  |o 394.26985 RAE 2002  |p 393330K  |r 2019-11-21  |w 2019-11-21  |y BK_X  |k BU2 
952 |0 0  |1 0  |4 0  |6 394_269850000000000_RAE_2002  |7 0  |8 X  |9 367304  |a FDOBUD  |b FDOBUD  |d 2019-11-21  |i 4557492  |o 394.26985 RAE 2002  |p 4557492  |r 2019-11-21  |w 2019-11-21  |y BK_X  |k BUD